000 00302nam a2200121Ia 4500
005 20251222144630.0
008 251222s9999||||xx |||||||||||||| ||spa||
082 _a362.985/G67
100 _aGonzáles Criollo, Guillermo
245 0 _aLa Seguridad Social en el Perú
264 _bOSREVI
942 _cLIB
999 _c16275
_d16275